Statistics for NASA Launch Vehicles

Click here to take the quiz!

General Stats

  • This quiz has been taken 98 times
    (43 since last reset)
  • The average score is 4 of 7

Answer Stats

ProgramLaunching Platform% Correct
Saturn V
97%
Crew DragonFalcon 9 Block 5
79%
MercuryMercury-Redstone
65%
Atlas LV-3B
50%
GeminiTitan II GLV
44%
ApolloSaturn IB
44%
Space ShuttleSpace Shuttle stack
26%

Score Distribution

Percentile by Number Answered

Percent of People with Each Score

Your Score History

You have not taken this quiz since the last reset